[Event "URS-chT"]
[Site "Riga"]
[Date "1975.??.??"]
[Round "?"]
[White "Velibekov, A."]
[Black "Lputian, Smbat G"]
[Result "1-0"]
[WhiteElo "2200"]
[BlackElo "2200"]

1.e4 e6 2.d4 d5 3.Nd2 Nf6 4.e5 Nfd7 5.Bd3 c5 6.c3 Nc6 7.Ne2 cxd4 8.cxd4 f6
9.exf6 Qxf6 10.Nf3 Bd6 11.O-O O-O 12.Bg5 Qf7 13.Bh4 h6 14.Bg3 Bxg3 15.hxg3 e5
16.dxe5 Ndxe5 17.Nxe5 Nxe5 18.Bc2 b6 19.Nf4 Bb7 20.Re1 Rae8 21.f3 g5 22.Rxe5 Rxe5
23.Ng6 Rfe8 24.Nxe5 Rxe5 25.Qd3 Bc8 26.g4 Bb7 27.a4 Qe7 28.Qg6+ Qg7 29.Qd6 Qe7
30.Qg6+ Qg7 31.Qd3 Qc7 32.Kf2 Ba6 33.Qxa6 Qc5+ 34.Kg3 Qxc2 35.Qxa7 Re2 36.Qb8+ Kg7
37.Kh3 Qxb2 38.Qc7+ Kg6 39.Rc1 Qf6 40.Qc8 Kh7 41.Rc6 Qf7 42.Qd8 Re8 43.Qd6 Kh8
44.Rxb6 h5 45.Qh6+ Qh7 46.gxh5 Qxh6 47.Rxh6+ Kg7 48.Rd6 Ra8 49.Rxd5 Kh6 50.a5 Rf8
51.Rd6+  1-0

[Event "URS-chT"]
[Site "Riga"]
[Date "1975.??.??"]
[Round "?"]
[White "Lputian, Smbat G"]
[Black "Ballyev"]
[Result "1-0"]
[WhiteElo "2200"]
[BlackElo "2200"]

1.d4 Nf6 2.c4 e6 3.Nf3 Bb4+ 4.Nbd2 d5 5.e3 O-O 6.Bd3 Nbd7 7.O-O c5 8.Qe2 cxd4
9.exd4 Re8 10.Ne5 Nf8 11.Ndf3 Be7 12.Ng5 dxc4 13.Bxc4 Qxd4 14.Ngxf7 Ng6 15.Be3 Qh4
16.g3 Qh5 17.Qxh5 Nxh5 18.Nxg6 Kxf7 19.Nxe7 Rxe7 20.f4 a6 21.f5 Ke8 22.g4 exf5
23.Bc5 Re4 24.Rae1 Nf6 25.gxf5 Kd7 26.Rxe4 Nxe4 27.Bf8 Kc6 28.Bxg7 Nd2 29.f6 Nxc4
30.f7 Be6 31.f8=Q Rxf8 32.Rxf8 h5 33.Rh8 Bg4 34.Kf2 Nd6 35.b3 Kd5 36.h3 Bxh3
37.Rxh5+ Bf5 38.Bf8 Ne4+ 39.Ke3 Ke5 40.Bg7+ Ke6 41.Kf4 Bg6 42.Rh6 Kf7 43.Rxg6 Kxg6
44.Kxe4 Kxg7 45.Kd4 b6 46.Kd5  1-0

[Event "URS-chT"]
[Site "Riga"]
[Date "1975.??.??"]
[Round "?"]
[White "Lputian, Smbat G"]
[Black "Gulko, Boris F"]
[Result "1/2-1/2"]
[WhiteElo "2200"]
[BlackElo "2480"]

1.d4 Nf6 2.Nf3 c5 3.e3 g6 4.Be2 Bg7 5.O-O O-O 6.Nbd2 b6 7.c3 Bb7 8.b3 d6
9.Bb2 Nbd7 10.Qc2 Rc8 11.Rad1 cxd4 12.Nxd4 a6 13.Qb1 e5 14.Nc2 b5 15.c4 Qb6
16.cxb5 axb5 17.Na3 Bc6 18.Bf3 d5 19.b4 Qb8 20.Be2 Nb6 21.Qa1 Nfd7 22.Bxb5 Bxb5
23.Nxb5 Na4 24.Nc3 Qxb4 25.Nxa4 Qxa4 26.Nf3 Qe4 27.a4 Rfe8 28.a5 Nc5 29.Qa2 Nd3
30.Rd2 d4 31.Ng5 Qf5 32.Nxf7 Qxf7 33.Qxf7+ Kxf7 34.Rxd3 Ra8 35.exd4 Rxa5
36.Rf3+ Kg8 37.dxe5 Rb5 38.Bc3 Bxe5 39.Re1 Re7 40.h4 Bd6 41.Rxe7 Bxe7 42.g3 Rb3
43.Kg2 Bb4 44.Bd4 Rxf3 45.Kxf3 Kf7 46.Kg4 h5+ 47.Kf4 Ke6  1/2-1/2

[Event "URS-chT"]
[Site "Riga"]
[Date "1975.??.??"]
[Round "?"]
[White "Mordvintsev, V."]
[Black "Lputian, Smbat G"]
[Result "0-1"]
[WhiteElo "2200"]
[BlackElo "2200"]

1.c4 e6 2.Nc3 d5 3.e3 Nf6 4.Nf3 Be7 5.b3 O-O 6.d4 b6 7.cxd5 exd5 8.Be2 Bb7
9.O-O Nbd7 10.Qc2 c5 11.a4 Rc8 12.Qb2 Ne4 13.Bd2 Nxd2 14.Qxd2 Nf6 15.Qb2 Ne4
16.Rac1 Bf6 17.Rfd1 Qe7 18.Rc2 g6 19.Qa1 Rfe8 20.a5 cxd4 21.Nxd4 Nxf2 22.Nxd5 Bxd5
23.Rxc8 Nxd1  0-1

[Event "URS-chT"]
[Site "Riga"]
[Date "1975.??.??"]
[Round "?"]
[White "Yurtaev, Leonid"]
[Black "Lputian, Smbat G"]
[Result "1/2-1/2"]
[WhiteElo "2200"]
[BlackElo "2200"]

1.e4 e6 2.d3 d5 3.Nd2 Nd7 4.Ngf3 c6 5.g3 dxe4 6.dxe4 e5 7.Nc4 Qc7 8.Bh3 Ngf6
9.O-O b5 10.Ne3 Nc5 11.Bg2 Ncxe4 12.Nh4 Be6 13.Qf3 Rc8 14.Re1 Bc5 15.Nef5 Bxf2+
16.Kh1 Bd5 17.Nxg7+ Kf8 18.Rxe4 Nxe4 19.Qh5 Bxg3 20.Qh6 Qb6 21.Be3 Bf4 22.Ne6+ Ke8
23.Ng7+ Kf8 24.Ne6+  1/2-1/2

[Event "Yerevan"]
[Site "Yerevan"]
[Date "1977.??.??"]
[Round "2"]
[White "Lputian, Smbat G"]
[Black "Katalymov, Boris N"]
[Result "1-0"]
[WhiteElo "2200"]
[BlackElo "2415"]

1.d4 Nf6 2.c4 e6 3.Nf3 b6 4.e3 Bb7 5.Bd3 d5 6.O-O Nbd7 7.b3 Be7 8.Bb2 O-O
9.Qe2 Ne4 10.Rd1 f5 11.Ne5 Bh4 12.g3 Bg5 13.f3 Nxe5 14.dxe5 Nc5 15.Bc2 Qe8
16.cxd5 exd5 17.Nc3 Rd8 18.b4 Na6 19.f4 Be7 20.Bb3 c6 21.b5 Nc7 22.bxc6 Qxc6
23.Qf3 Bc5 24.Rac1 g5 25.fxg5 Qg6 26.Nxd5 Rxd5 27.Rxd5 Ne6 28.Bd4 Bxd4 29.exd4 Kh8
30.Qc3 Qxg5 31.Rd7 Nf4 32.Qc7 Nh3+ 33.Kf1 Ba6+ 34.Kg2 Qd2+ 35.Kxh3 Qh6+ 36.Kg2 Qd2+
37.Kh1 Bb7+ 38.d5  1-0

[Event "Yerevan"]
[Site "Yerevan"]
[Date "1977.??.??"]
[Round "4"]
[White "Lputian, Smbat G"]
[Black "Khalikian, O."]
[Result "1/2-1/2"]
[WhiteElo "2200"]
[BlackElo "2200"]

1.d4 c5 2.e3 Nf6 3.Nf3 e6 4.c4 b6 5.Nc3 Bb7 6.Be2 Be7 7.O-O O-O 8.b3 cxd4
9.Nxd4 Na6 10.Bf3 Qc8 11.Bb2 Rd8 12.Rc1 d6 13.Qe2 Nc5 14.Rfd1 a6 15.e4 Qc7
16.b4 Ncd7 17.Nd5 exd5 18.cxd5 Qb8 19.Nc6 Bxc6 20.dxc6 Ra7 21.cxd7 Nxd7 22.Qe3 Rc7
23.Be2 Rxc1 24.Qxc1 Qb7 25.f3 b5 26.Qa1 Bf8 27.a4 Rc8 28.axb5 axb5 29.Bd4 Ra8
30.Qc3 Rc8 31.Qd3 Rb8 32.Ra1 Ne5 33.Qb3 Nc6 34.Be3 h6 35.Rd1 Qa6 36.Rd5 Qa4
37.Qxa4 bxa4 38.b5 Nb4 39.Rd1 a3 40.Ba7 Rb7 41.Bd4 Nc2 42.Ba1 d5 43.Rc1 Nxa1
44.Rxa1 Rc7 45.exd5 Rc2 46.Kf1 Bc5 47.b6 Rb2 48.Bc4 Rxb6 49.Ra2 Rb4 50.Rc2  1/2-1/2

[Event "Yerevan"]
[Site "Yerevan"]
[Date "1977.??.??"]
[Round "5"]
[White "Lutikov, Anatoly S"]
[Black "Lputian, Smbat G"]
[Result "1/2-1/2"]
[WhiteElo "2540"]
[BlackElo "2200"]

1.e4 e6 2.d4 d5 3.Nc3 Bb4 4.Bd3 c5 5.exd5 Qxd5 6.Bd2 Bxc3 7.Bxc3 cxd4 8.Bxd4 Qxg2
9.Qf3 Qxf3 10.Nxf3 f6 11.Rg1 Kf7 12.Nd2 Nc6 13.Bc3 Nge7 14.Nc4 Rd8 15.O-O-O g6
16.h4 b5 17.Na5 b4 18.Nxc6 Nxc6 19.Bd2 Bb7 20.h5 Ne5 21.hxg6+ hxg6 22.Bxb4  1/2-1/2

[Event "Yerevan"]
[Site "Yerevan"]
[Date "1977.??.??"]
[Round "6"]
[White "Lputian, Smbat G"]
[Black "Efimov, Igor"]
[Result "1/2-1/2"]
[WhiteElo "2200"]
[BlackElo "2200"]

1.c4 c5 2.Nc3 Nc6 3.Nf3 g6 4.g3 Bg7 5.Bg2 Nh6 6.O-O Nf5 7.e3 O-O 8.b3 b6
9.Bb2 Bb7 10.Qc2 d6 11.a3 Qd7 12.d3 Rad8 13.Rab1 e6 14.Rfe1 Qc8 15.Qe2 Qd7
16.Qc2 h6 17.Ba1 Kh7 18.b4 Qc8 19.Nd2 Qa8 20.Nce4 f6 21.bxc5 dxc5 22.Rbd1 Rd7
23.Nf3 Qd8 24.Rd2 Qe7 25.Red1 Rfd8 26.g4 Nd6 27.Ng3 Nf7 28.Ne2 Nd6 29.Ng3 Nf7
30.Bc3 Bh8 31.Ne2 Ba8 32.h3 Bg7 33.Qb2 Bh8 34.Nf4 Ng5 35.h4 Nxf3+ 36.Bxf3 Bg7
37.Bg2 Bb7 38.Qc2 Qf7 39.Kf1 Ne7 40.Bxb7 Rxb7  1/2-1/2

[Event "Yerevan"]
[Site "Yerevan"]
[Date "1977.??.??"]
[Round "7"]
[White "Tseshkovsky, Vitaly"]
[Black "Lputian, Smbat G"]
[Result "1-0"]
[WhiteElo "2590"]
[BlackElo "2200"]

1.e4 e6 2.d4 d5 3.Nd2 Nf6 4.e5 Nfd7 5.f4 c5 6.c3 Nc6 7.Ndf3 Qa5 8.Be3 b5
9.a3 Qb6 10.Bd3 a5 11.Ne2 Ba6 12.O-O b4 13.axb4 axb4 14.f5 c4 15.fxe6 fxe6
16.Bb1 Be7 17.Nf4 Nf8 18.Ng5 Kd7 19.Ngxe6 Nxe6 20.Bf5  1-0

[Event "Yerevan"]
[Site "Yerevan"]
[Date "1977.??.??"]
[Round "8"]
[White "Lputian, Smbat G"]
[Black "Averkin, Orest N"]
[Result "1-0"]
[WhiteElo "2200"]
[BlackElo "2455"]

1.d4 Nf6 2.c4 c5 3.e3 g6 4.Nc3 Bg7 5.Nf3 O-O 6.Be2 cxd4 7.exd4 d5 8.O-O Nc6
9.Re1 Be6 10.Bf1 Bg4 11.cxd5 Nxd5 12.Be2 e6 13.h3 Bxf3 14.Bxf3 Bxd4 15.Nxd5 exd5
16.Qb3 Qf6 17.Qxd5 Rfe8 18.Bg5 Qf5 19.Qxf5 gxf5 20.Rxe8+ Rxe8 21.Rd1 Bxb2
22.Rb1 Ba3 23.Rxb7 Re1+ 24.Kh2 Bd6+ 25.g3 Ne5 26.Bd5 Rd1 27.Bb3  1-0

[Event "Yerevan"]
[Site "Yerevan"]
[Date "1977.??.??"]
[Round "11"]
[White "Donchenko, Anatoly G"]
[Black "Lputian, Smbat G"]
[Result "0-1"]
[WhiteElo "2385"]
[BlackElo "2200"]

1.d4 e6 2.c4 d5 3.Nf3 Nf6 4.Nc3 Be7 5.g3 O-O 6.Bg2 c6 7.Qb3 dxc4 8.Qxc4 b5
9.Qd3 b4 10.Na4 Qa5 11.b3 Ba6 12.Qc2 Nbd7 13.Nd2 Rac8 14.Nc4 Bxc4 15.Qxc4 c5
16.O-O Rfd8 17.Bb2 cxd4 18.Qxd4 Nc5 19.Qe5 Qa6 20.Qe3 Nxa4 21.bxa4 Rc2 22.Rfd1 Rxd1+
23.Rxd1 Rxb2 24.Qd4 Qxe2  0-1

[Event "Yerevan"]
[Site "Yerevan"]
[Date "1977.??.??"]
[Round "14"]
[White "Malevinsky, Alexander A"]
[Black "Lputian, Smbat G"]
[Result "0-1"]
[WhiteElo "2440"]
[BlackElo "2200"]

1.e4 c5 2.Nf3 Nc6 3.d4 cxd4 4.Nxd4 Nf6 5.Nc3 e5 6.Ndb5 d6 7.Nd5 Nxd5 8.exd5 Ne7
9.c3 Nf5 10.a4 Be7 11.Bd3 O-O 12.O-O Nh4 13.Be3 a6 14.Na3 f5 15.Nc4 e4 16.Bc2 Qe8
17.Bf4 Qg6 18.Bg3 Nxg2 19.Kxg2 f4 20.Re1 fxg3 21.fxg3 Bh3+ 22.Kg1 Rf4 23.Qe2 Raf8
24.Bxe4 Rxe4  0-1

[Event "Yerevan"]
[Site "Yerevan"]
[Date "1977.??.??"]
[Round "15"]
[White "Lputian, Smbat G"]
[Black "Doroshkievich, Vladimir K"]
[Result "1/2-1/2"]
[WhiteElo "2200"]
[BlackElo "2420"]

1.d4 d5 2.Nf3 Nf6 3.c4 e6 4.Nc3 Be7 5.Bg5 O-O 6.e3 h6 7.Bh4 b6 8.Qb3 Bb7
9.Bxf6 Bxf6 10.cxd5 exd5 11.Rd1 c6 12.Bd3 Na6 13.O-O Nc7 14.e4 dxe4 15.Bxe4 Ne6
16.Rfe1 Qc7 17.d5 Nc5 18.Qc2 Rad8 19.dxc6 Bxc3 20.Rxd8 Rxd8 21.Qxc3 Nxe4
22.Rxe4 Qxc6  1/2-1/2

[Event "Yerevan"]
[Site "Yerevan"]
[Date "1977.??.??"]
[Round "16"]
[White "Petkevich, Jusefs"]
[Black "Lputian, Smbat G"]
[Result "1/2-1/2"]
[WhiteElo "2425"]
[BlackElo "2200"]

1.d4 d5 2.Nf3 e6 3.e3 Nf6 4.c4 Be7 5.Nc3 O-O 6.Bd3 b6 7.O-O Bb7 8.b3 Nbd7
9.Bb2 Ne4 10.cxd5 exd5 11.Qe2 a6 12.Rfd1 Bd6 13.Bxe4 dxe4 14.Ne5 Qe7 15.Nxd7 Qxd7
16.Rac1 f5 17.Qc2 Rae8 18.d5 Rf6 19.Ne2 Rh6 20.h3 Qf7 21.Nf4 Re7 22.Ne6 Qh5
23.Nf4 Qf7 24.Ne6 Qh5 25.Nf4 Qf7  1/2-1/2

[Event "Yerevan"]
[Site "Yerevan"]
[Date "1977.??.??"]
[Round "17"]
[White "Lputian, Smbat G"]
[Black "Eolian, Levon S"]
[Result "1/2-1/2"]
[WhiteElo "2200"]
[BlackElo "2200"]

1.d4 Nf6 2.c4 e5 3.dxe5 Ne4 4.Nf3 Nc6 5.Nbd2 Nc5 6.e3 d6 7.exd6 Bxd6 8.Be2 Qf6
9.Nb3 O-O 10.O-O Rd8 11.Nxc5 Bxc5 12.Qb3 a5 13.Bd2 a4 14.Qc3 Qg6 15.Rfd1 Bh3
16.Bf1 Bg4 17.Be2 Bh3 18.Bf1 Bg4 19.Be2 Bh3  1/2-1/2

[Event "URS-ch otbor"]
[Site "Beltsy"]
[Date "1979.??.??"]
[Round "?"]
[White "Lputian, Smbat G"]
[Black "Ivanov, Alexander"]
[Result "0-1"]
[WhiteElo "2200"]
[BlackElo "2395"]

1.d4 Nf6 2.c4 e6 3.Nf3 b6 4.Bf4 Bb7 5.e3 Be7 6.Nc3 Nh5 7.Bg3 d6 8.Bd3 Nd7
9.Qc2 g6 10.O-O-O a6 11.Kb1 O-O 12.h4 Ndf6 13.e4 Ng4 14.Qe2 c5 15.dxc5 bxc5
16.e5 Nxg3 17.fxg3 Bxf3 18.gxf3 Nxe5 19.Be4 Rb8 20.f4 Qa5 21.Rc1 Nd7 22.h5 Bf6
23.Qd3 d5 24.cxd5 c4 25.Qc2 exd5 26.Bf3 Rxb2+ 27.Qxb2 Rb8 28.Qxb8+ Nxb8 29.Nxd5 Bd4
30.Rxc4 Qb5+ 31.Rb4 Qd3+ 32.Kc1 Qa3+ 33.Kb1 Qd3+ 34.Kc1 Be3+ 35.Nxe3 Qxe3+
36.Kc2 Nd7 37.Rb3 Qf2+ 38.Kb1 Qxg3 39.hxg6 hxg6 40.f5 Nc5 41.Rc3 Qe5 42.Rxc5 Qxc5
43.fxg6 Qf5+  0-1

[Event "URS-ch otbor"]
[Site "Beltsy"]
[Date "1979.??.??"]
[Round "?"]
[White "Kakageldyev, Amanmurad"]
[Black "Lputian, Smbat G"]
[Result "1/2-1/2"]
[WhiteElo "2415"]
[BlackElo "2200"]

1.d4 d5 2.c4 e6 3.Nc3 Nf6 4.Bg5 Be7 5.e3 Nbd7 6.Nf3 h6 7.Bh4 O-O 8.Qc2 b6
9.cxd5 exd5 10.Bd3 c5 11.O-O Bb7 12.Rad1 Rc8 13.dxc5 Rxc5 14.b4 Rc8 15.Qb3 Ne4
16.Nxd5 Bxd5 17.Qxd5 Nc3 18.Bxe7 Qxe7 19.Bh7+ Kxh7 20.Qf5+ Kg8 21.Rxd7 Qxb4
22.Rxa7 Ra8 23.Rxa8 Rxa8 24.Ne5 Qe7 25.f4 Qe6 26.Qxe6  1/2-1/2

[Event "URS-ch otbor"]
[Site "Beltsy"]
[Date "1979.??.??"]
[Round "?"]
[White "Vitolinsh, Alvis"]
[Black "Lputian, Smbat G"]
[Result "0-1"]
[WhiteElo "2430"]
[BlackElo "2200"]

1.e4 e6 2.d4 d5 3.Nc3 Bb4 4.e5 Ne7 5.a3 Bxc3+ 6.bxc3 c5 7.Qg4 Qc7 8.Bd3 cxd4
9.Ne2 dxc3 10.Qxg7 Rg8 11.Qxh7 Nbc6 12.Bf4 Bd7 13.O-O O-O-O 14.Qxf7 Rdf8
15.Qh5 Rh8 16.Qg4 Rhg8 17.Qh3 Rh8 18.Qe3 d4 19.Qe4 Be8 20.Bg3 Bg6 21.Qg4 Bf5
22.Bxf5 Nxf5 23.Qe4 Qh7 24.Nf4 Rfg8 25.Rfe1 Rxg3 26.fxg3 Qxh2+ 27.Kf2 Qxg3+
28.Ke2 Rh4 29.Rf1 Qg4+ 30.Qf3 Ng3+  0-1

[Event "URS-FL"]
[Site "Frunze"]
[Date "1979.??.??"]
[Round "3"]
[White "Lputian, Smbat G"]
[Black "Grigorian, Karen Ashotovich"]
[Result "0-1"]
[WhiteElo "2445"]
[BlackElo "2480"]

1.d4 Nf6 2.c4 d6 3.Nc3 Nbd7 4.Nf3 g6 5.Bg5 Bg7 6.e3 h6 7.Bh4 g5 8.Bg3 Nh5
9.Qc2 e6 10.Be2 O-O 11.O-O-O f5 12.Ne1 Ndf6 13.Nd3 Bd7 14.f3 Nxg3 15.hxg3 Be8
16.Nf2 Qe7 17.e4 e5 18.exf5 exd4 19.Nce4 h5 20.Kb1 Nxe4 21.Nxe4 Rxf5 22.g4 hxg4
23.fxg4 Rf4 24.Ng3 Bd7 25.Bf3 d3 26.Qxd3 Qe5 27.Rd2 Re8 28.Bd5+ Kf8 29.Re2 Qd4
30.Qc2 Bxg4 31.Rxe8+ Kxe8 32.Re1+ Kd8 33.Ne4 Bf6 34.Kc1 c6 35.g3 cxd5  0-1

[Event "URS-FL"]
[Site "Frunze"]
[Date "1979.??.??"]
[Round "8"]
[White "Lputian, Smbat G"]
[Black "Timoshchenko, Gennadi A"]
[Result "1/2-1/2"]
[WhiteElo "2445"]
[BlackElo "2530"]

1.d4 Nf6 2.c4 g6 3.Nc3 d5 4.Nf3 Bg7 5.Bg5 Ne4 6.cxd5 Nxg5 7.Nxg5 e6 8.Nf3 exd5
9.e3 Qd6 10.Be2 O-O 11.O-O c6 12.Qd2 Rd8 13.Rfc1 Nd7 14.Ne1 Nf8 15.Na4 b6
16.b4 Ne6 17.Rc2 Bb7 18.Rac1 Rac8 19.Nd3 Rc7 20.Qc3 Rdc8 21.g3 h5 22.h4 Qd8
23.Qd2 Qe8 24.Nc3 c5 25.bxc5 bxc5 26.Nxc5 Nxc5 27.dxc5 Rxc5 28.Nb5 Rxc2 29.Rxc2 Rxc2
30.Qxc2 d4 31.Nd6 Qe7 32.Nxb7 Qxb7 33.e4 Qb4 34.Bc4 Qc3 35.Qd3 Qxd3 36.Bxd3 Bf8
37.Kf1 Bb4 38.Bc4 Kf8 39.Ke2 Ke7 40.Kd3 Be1 41.Ke2 Bc3 42.Kd3 Be1  1/2-1/2

[Event "URS-FL"]
[Site "Frunze"]
[Date "1979.??.??"]
[Round "14"]
[White "Lputian, Smbat G"]
[Black "Kochyev, Alexander"]
[Result "0-1"]
[WhiteElo "2445"]
[BlackElo "2545"]

1.d4 Nf6 2.c4 e6 3.Nf3 b6 4.Bf4 Bb4+ 5.Nbd2 Bb7 6.e3 O-O 7.Be2 Be7 8.h3 c5
9.dxc5 bxc5 10.O-O Nc6 11.Qc2 Qb6 12.Rfd1 Rfd8 13.a3 a5 14.Nb1 d5 15.Nc3 Rac8
16.Na4 Qa7 17.Qb3 Ba6 18.Qb6 Qa8 19.Qb3 d4 20.Qc2 Qa7 21.Ne5 Bb7 22.Nd3 Nd7
23.Bf3 e5 24.Bxc6 Rxc6 25.Nxe5 Nxe5 26.Bxe5 Rg6 27.Bg3 Qa8 28.exd4 cxd4 29.Re1 Bd6
30.Nb6 Qa7 31.c5 Bxg3 32.fxg3 Rxg3 33.Re2 d3 34.Qd2 Qb8 35.Rf2 Re8 36.Raf1 Qe5
37.b4 h6 38.Nc4 Qd4 39.Kh2 Rxg2+ 40.Rxg2 Bxg2 41.Rf4 Re4 42.Rf2 Bxh3 43.Nd6 Qe5+  0-1

[Event "URS-FL"]
[Site "Frunze"]
[Date "1979.??.??"]
[Round "16"]
[White "Lputian, Smbat G"]
[Black "Yurtaev, Leonid"]
[Result "1-0"]
[WhiteElo "2445"]
[BlackElo "2365"]

1.d4 Nf6 2.c4 c5 3.e3 g6 4.Nc3 Bg7 5.Nf3 O-O 6.Be2 cxd4 7.exd4 d5 8.O-O Nc6
9.h3 Bf5 10.Bf4 dxc4 11.Bxc4 Rc8 12.Rc1 Ne4 13.Re1 Nxc3 14.bxc3 Na5 15.Bb3 Nc4
16.Bxc4 Rxc4 17.Qb3 Qc8 18.Rxe7 Be6 19.Qxb7 Ra4 20.Qb5 Rxa2 21.d5 Bf5 22.d6 a5
23.Nd4 Bxh3 24.gxh3 Qxh3 25.Bg3 Bf6 26.Re8 h5 27.d7 h4 28.Qc5 Kh7 29.Qxf8 Qxd7
30.Bxh4  1-0

[Event "URS Spartakiad"]
[Site "URS"]
[Date "1979.??.??"]
[Round "?"]
[White "Press, Grigory"]
[Black "Lputian, Smbat G"]
[Result "1-0"]
[WhiteElo "2200"]
[BlackElo "2200"]

1.d4 e6 2.c4 Nf6 3.Nc3 d5 4.e3 c5 5.cxd5 exd5 6.Nge2 Nc6 7.g3 Bg4 8.Bg2 Qd7
9.h3 Bf5 10.g4 Be6 11.g5 Ne4 12.Bxe4 dxe4 13.d5 O-O-O 14.dxc6 Qxc6 15.Qa4 Qxa4
16.Nxa4 h6 17.g6 fxg6 18.Nac3 Bf5 19.Bd2 h5 20.Ng3 Re8 21.O-O-O h4 22.Nxf5 gxf5
23.Rhg1 Rh6 24.Ne2 Ra6 25.Bc3 Re7 26.Nf4 Rxa2 27.Kb1 Ra6 28.Ng6 Rf7 29.Nxf8 Rxf8
30.Rxg7  1-0

[Event "URS Spartakiad"]
[Site "URS"]
[Date "1979.??.??"]
[Round "?"]
[White "Lputian, Smbat G"]
[Black "Ubilava, Elizbar"]
[Result "0-1"]
[WhiteElo "2200"]
[BlackElo "2430"]

1.d4 d5 2.c4 dxc4 3.Nf3 Nf6 4.e3 Bg4 5.Bxc4 e6 6.Nc3 Nbd7 7.h3 Bh5 8.O-O Bd6
9.e4 e5 10.Be2 O-O 11.dxe5 Nxe5 12.Nd4 Bc5 13.Nb3 Qxd1 14.Bxd1 Bb6 15.g4 Bg6
16.Bc2 Rfe8 17.Kg2 Nc4 18.Re1 Nd7 19.a4 a5 20.Nd5 f6 21.Nxb6 cxb6 22.Nd4 Nc5
23.f3 Rad8 24.Nb5 Nxb2 25.Nc7 Re7 26.Bxb2 Rd2+ 27.Kg3 Rxc7 28.Rac1 Rxc2 29.Rxc2 Nxe4+
30.fxe4 Rxc2 31.Bd4 Rc4 32.Bxb6 Bxe4 33.Bxa5 Rxa4 34.Bd8 Ra3+ 35.Kh2 Ra2+
36.Kg3 Bc6 37.h4 Ra3+ 38.Kh2 Rd3 39.Be7 Kf7 40.g5 Kg6 41.gxf6  0-1

[Event "URS Spartakiad"]
[Site "URS"]
[Date "1979.??.??"]
[Round "?"]
[White "Lputian, Smbat G"]
[Black "Ragelis, Petras"]
[Result "1-0"]
[WhiteElo "2200"]
[BlackElo "2230"]

1.d4 Nf6 2.c4 g6 3.Nc3 d5 4.Bf4 Bg7 5.e3 O-O 6.Qb3 c6 7.Nf3 Qa5 8.Nd2 Ne4
9.Ncxe4 dxe4 10.O-O-O f5 11.c5+ Kh8 12.h4 Nd7 13.h5 gxh5 14.Nc4 Qd8 15.Be2 Nf6
16.Ne5 Qe8 17.Rh4 Ng4 18.Rdh1 Bxe5 19.dxe5 Qg6 20.Rxh5 Nxf2 21.Rh6 Qg7 22.R1h5 b6
23.e6 Bb7 24.Rxh7+ Qxh7 25.Be5+ Rf6 26.Bxf6+ exf6 27.Rxh7+ Kxh7 28.e7 Kg7
29.Bh5  1-0

[Event "URS Spartakiad"]
[Site "URS"]
[Date "1979.??.??"]
[Round "?"]
[White "Lputian, Smbat G"]
[Black "Nasybullin, Vladislav"]
[Result "1-0"]
[WhiteElo "2200"]
[BlackElo "2200"]

1.d4 Nf6 2.c4 e6 3.Nf3 b6 4.Bg5 Bb7 5.Nc3 h6 6.Bh4 Be7 7.Qc2 O-O 8.e4 d6
9.O-O-O Nbd7 10.Rg1 c5 11.g4 cxd4 12.Nxd4 a6 13.f4 Rc8 14.g5 hxg5 15.Bxg5 b5
16.Bh6 Ne8 17.cxb5 Ndf6 18.e5 Nd5 19.bxa6 Ba8 20.Bb5 Kh8 21.Nxe6 fxe6 22.Qg6 Bf6
23.Bxe8 Nxc3 24.bxc3 Qc7 25.Rd3 dxe5 26.Bxg7+  1-0

[Event "URS Spartakiad"]
[Site "URS"]
[Date "1979.??.??"]
[Round "?"]
[White "Lputian, Smbat G"]
[Black "Kolpakov, M."]
[Result "1-0"]
[WhiteElo "2200"]
[BlackElo "2200"]

1.d4 Nf6 2.c4 c5 3.d5 g6 4.Nc3 Bg7 5.e4 d6 6.Bg5 h6 7.Be3 O-O 8.f3 e6 9.Qd2 exd5
10.cxd5 Kh7 11.h4 Re8 12.O-O-O Nbd7 13.h5 g5 14.Nh3 Qe7 15.Bxg5 hxg5 16.Nxg5+ Kh8
17.h6 Bf8 18.Nb5 Nh7 19.Nxh7 Kxh7 20.Nc7 Nb6 21.Nxe8 Qxe8 22.Bd3 Kh8 23.g4 f6
24.g5 Nd7 25.Rdg1 Ne5 26.gxf6 Nxf3 27.Qg2 Bg4 28.Qxg4 Nxg1 29.h7 Qf7 30.Qxg1 Re8
31.Qg2 Re5 32.Kb1 a6 33.Be2 b5 34.Bh5  1-0

[Event "URS Spartakiad"]
[Site "URS"]
[Date "1979.??.??"]
[Round "?"]
[White "Korsunsky, Yuri"]
[Black "Lputian, Smbat G"]
[Result "1/2-1/2"]
[WhiteElo "2200"]
[BlackElo "2200"]

1.e4 e6 2.d4 d5 3.Nd2 c5 4.Ngf3 Nc6 5.exd5 exd5 6.Bb5 Bd6 7.dxc5 Bxc5 8.Nb3 Bd6
9.O-O Ne7 10.Bg5 O-O 11.Re1 h6 12.Bh4 Bg4 13.Be2 Re8 14.c3 Qb6 15.Bxe7 Rxe7
16.Qxd5 Rae8 17.Bc4 Ne5 18.Nxe5 Bxe5 19.Re3 Be6 20.Qxe5 Bxc4 21.Qxe7 Rxe7
22.Rxe7 a5 23.Re4 Qb5 24.Nxa5 Qxb2 25.Ree1 Bxa2 26.Nxb7 Bd5 27.Nd6 Qxc3  1/2-1/2

[Event "URS Spartakiad"]
[Site "URS"]
[Date "1979.??.??"]
[Round "?"]
[White "Yuferov, Sergey  N"]
[Black "Lputian, Smbat G"]
[Result "1/2-1/2"]
[WhiteElo "2450"]
[BlackElo "2200"]

1.Nf3 d5 2.d4 e6 3.c4 c5 4.cxd5 exd5 5.g3 Nc6 6.Bg2 Nf6 7.O-O Be7 8.Nc3 O-O
9.dxc5 Bxc5 10.Bg5 d4 11.Ne4 Be7 12.Bxf6 Bxf6 13.Qd2 Bf5 14.Nxf6+ Qxf6 15.Qf4 d3
16.exd3 Bxd3 17.Qxf6 gxf6 18.Rfd1 Rad8 19.Rd2 Bc4 20.b3 Be6 21.Rad1 Rxd2
22.Rxd2 a5 23.Bf1 Rc8 24.Nh4 Nb4 25.f4 Rc1 26.Kf2 Ra1 27.Rd8+ Kg7 28.a4 Ra2+
29.Ke3 Nc6 30.Ra8 Ra3 31.Bg2 Rxb3+ 32.Kf2 Rb2+ 33.Ke3 Rb3+ 34.Kf2 Rb2+ 35.Ke3 Rb3+
36.Kf2  1/2-1/2

[Event "URS-ch U26"]
[Site "Riga"]
[Date "1980.??.??"]
[Round "?"]
[White "Gavrikov, Viktor"]
[Black "Lputian, Smbat G"]
[Result "1/2-1/2"]
[WhiteElo "2365"]
[BlackElo "2445"]

1.d4 e6 2.Nf3 Nf6 3.c4 d5 4.Nc3 Be7 5.Bg5 O-O 6.e3 h6 7.Bh4 b6 8.Qc2 Bb7
9.Bxf6 Bxf6 10.cxd5 exd5 11.O-O-O c5 12.dxc5 bxc5 13.Nxd5 Bxd5 14.Bc4 Nd7
15.Rxd5 Rb8 16.b3 Qc7 17.Kd1 Rfc8 18.Ke2 Nb6 19.Rd2 Nxc4 20.Qxc4 Rb4 21.Qa6 c4
22.bxc4 Bc3 23.Rc2 Rb6 24.Qa4 Rb4 25.Qa6 Rb6 26.Qa4 Rb4  1/2-1/2

[Event "URS-ch U26"]
[Site "Riga"]
[Date "1980.??.??"]
[Round "?"]
[White "Ivanov, Alexander"]
[Black "Lputian, Smbat G"]
[Result "1-0"]
[WhiteElo "2425"]
[BlackElo "2445"]

1.e4 e6 2.d4 d5 3.Nd2 c5 4.exd5 exd5 5.Bb5+ Nc6 6.Ne2 Bd6 7.dxc5 Bxc5 8.Nb3 Bb6
9.O-O Ne7 10.Bg5 O-O 11.Qd2 a6 12.Bd3 Re8 13.Rfe1 Ne5 14.Be3 N7c6 15.Bxb6 Qxb6
16.Ned4 Bd7 17.Nxc6 Nxc6 18.c3 a5 19.Bf1 Rxe1 20.Rxe1 Be6 21.Re3 g6 22.h4 Rd8
23.h5 a4 24.Nd4 Nxd4 25.cxd4 Rc8 26.a3 Qc7 27.Qb4 Qf4 28.hxg6 hxg6 29.Rc3 Rxc3
30.Qxc3 Kg7 31.Qe3 Qc7 32.Qd2 Qb6 33.Qc3 Bd7 34.Qb4 Qxb4 35.axb4 b5 36.f3 Kf6
37.Kf2 Kf5 38.Ke3 g5 39.g3 Kf6 40.Bd3 Ke7 41.f4 gxf4+ 42.Kxf4 Kf6 43.g4 Be8
44.g5+ Ke6 45.Bf5+ Kd6 46.Kg4 Ke7 47.Kh5 Kf8 48.Kh6 Kg8 49.Bc8 Bc6 50.g6 fxg6
51.Kxg6 Kf8 52.Kf6 Ke8 53.Ke6 Kd8 54.Kd6 Bd7 55.Bb7  1-0

[Event "URS-ch U26"]
[Site "Riga"]
[Date "1980.??.??"]
[Round "?"]
[White "Azmaiparashvili, Zurab"]
[Black "Lputian, Smbat G"]
[Result "0-1"]
[WhiteElo "2415"]
[BlackElo "2445"]

1.c4 e6 2.g3 d5 3.Bg2 Nf6 4.Nf3 c5 5.O-O Nc6 6.cxd5 exd5 7.d4 Be7 8.Nc3 O-O
9.Bg5 c4 10.Ne5 Be6 11.f4 Nxe5 12.dxe5 d4 13.exf6 gxf6 14.Bh6 dxc3 15.bxc3 Qb6+
16.e3 Qxe3+ 17.Kh1 Rfd8 18.Qh5 f5 19.Bg5 Qc5 20.Rae1 Rd2 21.Re5 Qd6 22.Rfe1 Kh8
23.Bxe7 Qxe7 24.Rxf5 Rxa2 25.Rfe5 Qf6 26.Be4 h6 27.f5 Bd7 28.Re7 Be8 29.Bxb7 Bc6+
30.Bxc6 Qxc6+ 31.R7e4 Rb8 32.Qxf7 Qxe4+  0-1

[Event "URS-ch U26"]
[Site "Riga"]
[Date "1980.??.??"]
[Round "?"]
[White "Lanka, Zigurds"]
[Black "Lputian, Smbat G"]
[Result "1/2-1/2"]
[WhiteElo "2340"]
[BlackElo "2445"]

1.e4 e6 2.d4 d5 3.Nd2 c5 4.Ngf3 Nc6 5.Bb5 a6 6.exd5 axb5 7.dxc6 c4 8.cxb7 Bxb7
9.c3 Nf6 10.Nf1 Nd5 11.Bg5 f6 12.Bd2 g5 13.h3 Rg8 14.a4 Qd7 15.a5 Bd6 16.Ne3 Nf4
17.Kf1 h5 18.b3 cxb3 19.Qxb3 Nxg2 20.Kxg2 g4 21.hxg4 hxg4 22.d5 Bf4 23.a6 Rxa6
24.Rxa6 gxf3+ 25.Kxf3 Bxe3 26.Kxe3 Bxa6 27.dxe6 Qc6 28.Rh5 Qb6+ 29.Kd3 Bc8
30.Be3 Qc6 31.Rc5 Bxe6  1/2-1/2

[Event "URS-ch U26"]
[Site "Riga"]
[Date "1980.??.??"]
[Round "?"]
[White "Lputian, Smbat G"]
[Black "Eingorn, Vereslav S"]
[Result "0-1"]
[WhiteElo "2445"]
[BlackElo "2470"]

1.d4 d6 2.c4 e5 3.Nf3 Nd7 4.Nc3 Ngf6 5.Bg5 Be7 6.Qc2 O-O 7.Rd1 exd4 8.Nxd4 Ne5
9.e3 Be6 10.b3 c5 11.Nxe6 fxe6 12.Be2 Nfg4 13.Bxg4 Nxg4 14.Qe4 Ne5 15.Bf4 Bf6
16.O-O Nf7 17.Nb5 e5 18.Bg3 Qb6 19.Rd3 Rae8 20.Rfd1 Be7 21.Bh4 Bxh4 22.Qxh4 Re6
23.Qg4 Rfe8 24.h4 a6 25.Nc3 e4 26.Rd5 Qa5 27.Rc1 Nh6 28.Qd1 Qd8 29.g3 Nf7
30.Kg2 h6 31.Qg4 Qf6 32.Rf5 Qd8 33.Rd1 g6 34.h5 g5 35.Rxc5 Qf6 36.Rc7 Qxc3
37.Rxb7 Rf6 38.Qe2 Ne5 39.Qd2 Qxd2 40.Rxd2 Ref8 41.Rb6  0-1

[Event "URS-ch U26"]
[Site "Riga"]
[Date "1980.??.??"]
[Round "?"]
[White "Lputian, Smbat G"]
[Black "Kengis, Edvins"]
[Result "1/2-1/2"]
[WhiteElo "2445"]
[BlackElo "2390"]

1.d4 e6 2.c4 b6 3.Nf3 Bb7 4.g3 Bxf3 5.exf3 d5 6.Nc3 dxc4 7.Bxc4 c6 8.d5 exd5
9.Nxd5 Ne7 10.Nf6+ gxf6 11.Bxf7+ Kxf7 12.Qxd8 Nd5 13.O-O Bg7 14.Qd6 Bf8 15.Qd8 Bg7
16.Qd6 Bf8  1/2-1/2